| 000 -LEADER |
| fixed length control field |
00535nam a22001577a 4500 |
| 020 ## - INTERNATIONAL STANDARD BOOK NUMBER |
| ISBN |
9781526494849 |
| 082 ## - DEWEY DECIMAL CLASSIFICATION NUMBER |
| Classification number |
614.15 |
| Item number |
W223 2021 |
| 100 ## - MAIN ENTRY--AUTHOR NAME |
| Personal name |
Walsh, R. Stephen, author. |
| 245 ## - TITLE STATEMENT |
| Title |
Key cases in forensic & criminological psychology / R. Stephen Walsh. |
| 250 ## - EDITION STATEMENT |
| Edition statement |
1st edition. |
| 260 ## - PUBLICATION, DISTRIBUTION, ETC. (IMPRINT) |
| Place of publication |
London : |
| Name of publisher |
SAGE Publications Ltd, |
| Year of publication |
2021. |
| 300 ## - PHYSICAL DESCRIPTION |
| Number of Pages |
1 online resource, 281 pages : |
| Other physical details |
illustrations. |
| 500 ## - GENERAL NOTE |
| General note |
Includes bibliographical references and index. |
| 650 ## - SUBJECT ADDED ENTRY--TOPICAL TERM |
| Topical Term |
Forensic psychology -- Case studies. |
| 942 ## - ADDED ENTRY ELEMENTS (KOHA) |
| Koha item type |
Electronic Books |